Tài liệu tập huấn nâng cao năng lực giáo dục bảo tồn thiên nhiên và đa dạng sinh học cho sinh viên Sư phạm khu vực Nam Bộ và Tây Nguyên Tài liệu lưu hành nội bộ
Bewaard in:
| Formaat: | Boek |
|---|---|
| Taal: | Vietnamese |
| Gepubliceerd in: |
Hà Nội
2019
|
| Onderwerpen: | |
| Tags: |
Voeg label toe
Geen labels, Wees de eerste die dit record labelt!
|
| Thư viện lưu trữ: | Trung tâm Học liệu Lê Vũ Hùng, Trường Đại học Đồng Tháp |
|---|
| LEADER | 00987pam a22002658a 4500 | ||
|---|---|---|---|
| 001 | 00045464 | ||
| 005 | 20200512160504.0 | ||
| 008 | 171018s2002 ||||||viesd | ||
| 020 | # | # | |a 0 |
| 041 | 0 | # | |a vie |
| 082 | 1 | 4 | |a 333.95 |b T103L |
| 245 | 1 | 0 | |a Tài liệu tập huấn nâng cao năng lực giáo dục bảo tồn thiên nhiên và đa dạng sinh học cho sinh viên Sư phạm khu vực Nam Bộ và Tây Nguyên |b Tài liệu lưu hành nội bộ |
| 260 | # | # | |a Hà Nội |c 2019 |
| 300 | # | # | |a 198 tr. |c 28 cm. |
| 500 | # | # | |a ĐTTS ghi: Bộ Giáo dục và Đào tạo |
| 653 | # | # | |a Bảo tồn |
| 653 | # | # | |a Đa dạng sinh học |
| 653 | # | # | |a Nam Bộ |
| 653 | # | # | |a Sinh học |
| 653 | # | # | |a Sinh vật |
| 653 | # | # | |a Tài liệu tập huấn |
| 653 | # | # | |a Tây Nguyên |
| 852 | # | # | |j KD.0027160 |j KM.0033876 |
| 910 | # | # | |d 12/5/2020 |
| 980 | # | # | |a Trung tâm Học liệu Lê Vũ Hùng, Trường Đại học Đồng Tháp |